Statistics for 2018 AFL Premiership Team

Click here to take the quiz!

General Stats

  • This quiz has been taken 119 times
  • The average score is 17 of 24

Answer Stats

Answer % Correct
Premiership TeamWest Coast Eagles
97%
Full ForwardJosh Kennedy
95%
Centre Half BackJeremy McGovern
92%
Centre Half ForwardJack Darling
90%
InterchangeLiam Ryan
90%
Forward PocketWillie Rioli
90%
Ruck RoverLuke Shuey
87%
InterchangeNathan Vardy
82%
RoverDom Sheed
82%
CoachAdam Simpson
82%
Back PocketShannon Hurn
80%
CentreElliot Yeo
80%
RuckScott Lycett
77%
Full BackTom Barrass
73%
Half Forward FlankMark LeCras
72%
Forward PocketJamie Cripps
58%
Half Back FlankLewis Jetta
58%
WingJack Redden
55%
Back PocketWill Schofield
55%
Half Back FlankTom Cole
52%
WingChris Masten
50%
InterchangeLiam Duggan
48%
Half Forward FlankMark Hutchings
45%
InterchangeDaniel Venables
45%

Score Distribution

Percentile by Number Answered

Percent of People with Each Score

Your Score History

You have not taken this quiz